Terra regionálny informačný spravodaj : regionális hírújság
| Format: | Journal |
|---|---|
| Language: | Hungarian Slovak |
| PhysicalDescription: | zv. 30 cm |
| Published: |
Diakovce
FriTom International s.r.o.
2010-
Diakovce OZ Matúšova zem |
| ISSN: | 1338-6344 |
| Subjects: | |
| Online Access: | http://www.terrahirujsag.sk |
MARC
| LEADER | 00000nas a2200000 a 4500 | ||
|---|---|---|---|
| 001 | vtls010662148 | ||
| 003 | SK-MaSNL | ||
| 005 | 20260228161138.0 | ||
| 008 | 170822c20109999xo mr|p 0 b0hun | ||
| 022 | |a 1338-6344 | ||
| 040 | |a SNK |b slo |c SNK |e AACR2 | ||
| 041 | 0 | |a hun |a slo | |
| 044 | |a xo |c SK | ||
| 072 | 7 | |a 316.7 |x Sociológia kultúry. Kultúrny život |2 konspekt | |
| 072 | 7 | |a 394 |x Verejný a spoločenský život. Každodenný život |2 konspekt | |
| 080 | |a 316.728 |2 2011 | ||
| 080 | |a 394 |2 2011 | ||
| 080 | |a 050 |2 2011 | ||
| 210 | 0 | |a Terra Hírújs. | |
| 222 | 0 | |a Terra Hírújság | |
| 245 | 0 | 0 | |a Terra |b regionálny informačný spravodaj : regionális hírújság |
| 246 | 3 | 3 | |a Terra Hírújság |f febr. 2011- |
| 260 | |a Diakovce |b FriTom International s.r.o. |c 2010- | ||
| 260 | 3 | |3 Okt. 2016- |a Diakovce |b OZ Matúšova zem | |
| 300 | |a zv. |c 30 cm | ||
| 310 | |a 1x mesačne | ||
| 362 | 0 | |a Č. 1 (máj 2010)- | |
| 500 | |a Podnázov v tiráži: spravodaj vychádzajúci v maďarskom jazyku = magyar nyelven megjelenő hírújság | ||
| 500 | |a Zmena podnázvu: febr. 2011-mar. 2011, mátyusföldi regionális hírújság ; apr. 2011-, mátyusföldi magyar nyelvü havilap | ||
| 500 | |a Evidenčné číslo: EV 4066/10 | ||
| 500 | |a Redaktor: 2010- , Szabó Frigyes | ||
| 515 | |a S číslom dec. 2010 vyšlo číslo jan. 2011 | ||
| 546 | |a Čiast. text v slov. | ||
| 650 | 0 | 7 | |a každodenný život |2 SNKPH |9 4946 |
| 655 | 7 | |a regionálne periodiká |2 SNKPH |9 131775 | |
| 700 | 1 | |a Frigyes, Szabó |4 red |9 268074 | |
| 856 | 4 | |u http://www.terrahirujsag.sk | |
| 910 | |a snk | ||
| 916 | |a 2010-2016 | ||
| 999 | |c 4482 |d 6412 | ||
| 952 | |0 0 |1 0 |4 0 |7 0 |8 0 |a SNK |b SNK |d 2022-09-20 |i snk2022/14334 |l 0 |o snkČSB 6487/11/2020 |p 17A1464008 |r 2026-02-21 20:09:29 |t č. 1-12 |w 2026-02-21 |y PREZ | ||
| 952 | |0 0 |1 0 |4 0 |7 0 |8 0 |a SNK |b SNK |d 2022-09-20 |i snk2022/14335 |l 0 |o snkČSB 6487/12/2021 |p 17A1464009 |r 2026-02-21 20:09:29 |t č. 1-12 |w 2026-02-21 |y PREZ | ||
| 952 | |0 0 |1 0 |4 0 |7 0 |8 0 |a SNK |b SNK |d 2017-08-21 |f 1 |i snk2017/18552 |l 0 |o snkČSB 6487/2010-2011 |p 17A1264012 |r 2026-02-21 21:48:26 |t č. máj-dec./jan. |w 2026-02-21 |y PREZ | ||
| 952 | |0 0 |1 0 |4 0 |7 0 |8 0 |a SNK |b SNK |d 2017-08-21 |f 1 |i snk2017/18553 |l 0 |o snkČSB 6487/2/2011 |p 17A1264011 |r 2026-02-21 21:48:26 |t č. febr.-nov., neúplné |w 2026-02-21 |y PREZ |z Chýba č. dec. | ||
| 952 | |0 0 |1 0 |4 0 |7 0 |8 0 |a SNK |b SNK |d 2017-08-21 |f 1 |i snk2017/18554 |l 0 |o snkČSB 6487/3/2012 |p 17A1264010 |r 2026-02-21 21:48:26 |t č. jan.-dec. |w 2026-02-21 |y PREZ | ||
| 952 | |0 0 |1 0 |4 0 |7 0 |8 0 |a SNK |b SNK |d 2017-08-21 |f 1 |i snk2017/18555 |l 0 |o snkČSB 6487/4/2013 |p 17A1264009 |r 2026-02-21 21:48:26 |t č. jan.-dec., neúplné |w 2026-02-21 |y PREZ |z Chýba č. febr. | ||
| 952 | |0 0 |1 0 |4 0 |7 0 |8 0 |a SNK |b SNK |d 2017-08-21 |f 1 |i snk2017/18556 |l 0 |o snkČSB 6487/5/2014 |p 17A1264008 |r 2026-02-21 21:48:26 |t č. jan.-dec. |w 2026-02-21 |y PREZ | ||
| 952 | |0 0 |1 0 |4 0 |7 0 |8 0 |a SNK |b SNK |d 2017-08-21 |f 1 |i snk2017/18557 |l 0 |o snkČSB 6487/6/2015 |p 17A1264007 |r 2026-02-21 21:48:57 |t č. jan.-dec. |w 2026-02-21 |y PREZ | ||
| 952 | |0 0 |1 0 |4 0 |7 0 |8 0 |a SNK |b SNK |d 2017-08-21 |f 1 |i snk2017/18558 |l 0 |o snkČSB 6487/7/2016 |p 17A1264006 |r 2026-02-21 21:48:57 |t č. jan.-dec. |w 2026-02-21 |y PREZ | ||
| 952 | |0 0 |1 0 |4 0 |7 0 |8 0 |a SNK |b SNK |d 2019-04-04 |i snk2019/9742 |l 0 |o snkČSB 6487/9/2018 |p 17A1366339 |r 2026-02-21 21:58:44 |t č. 1-12 |w 2026-02-21 |y PREZ | ||
| 952 | |0 0 |1 0 |4 0 |7 0 |8 0 |a SNK |b SNK |d 2020-10-22 |i snk2020/19407 |l 0 |o snkČSB 6487/10/2019 |p 17A1432812 |r 2026-02-21 22:23:18 |t č. 1-12 |w 2026-02-21 |y PREZ | ||
| 952 | |0 0 |1 0 |4 0 |7 0 |8 0 |a SNK |b SNK |d 2019-04-04 |i snk2019/9741 |l 0 |o snkČSB 6487/8/2017 |p 17A1366338 |r 2026-02-21 22:25:32 |t č. 1-12 |w 2026-02-21 |y PREZ | ||


